| Tag |
First Indicator |
Second Indicator |
Subfields |
| LEADER |
00000cam a2200000 4500 |
| 001 |
in00000039803 |
| 005 |
20151007064556.0 |
| 008 |
760115s1967 ru a 00011 rusrd |
| 035 |
|
|
|a (OCoLC)01929785
|
| 035 |
|
|
|9 AAE0144AM
|
| 040 |
|
|
|a GYG
|c GYG
|d TXA
|d UtOrBLW
|
| 049 |
|
|
|a TXAM
|c [1207339]
|
| 090 |
|
|
|a PG3420
|b .M8 1967
|
| 100 |
1 |
|
|a Turgenev, Ivan Sergeevich,
|d 1818-1883.
|
| 245 |
1 |
0 |
|a Mumu.
|
| 264 |
|
1 |
|a [Moskva] :
|b [Izd-vo. Detskaia lit-ra],
|c [1967]
|
| 300 |
|
|
|a 61 pages :
|b illustrations ;
|c 20 cm.
|
| 336 |
|
|
|a text
|b txt
|2 rdacontent
|
| 337 |
|
|
|a unmediated
|b n
|2 rdamedia
|
| 338 |
|
|
|a volume
|b nc
|2 rdacarrier
|
| 490 |
1 |
|
|a Shkolnaia biblioteka dlia nerusskikh shkol
|
| 500 |
|
|
|a In Cyrillic characters.
|
| 500 |
|
|
|a "Dlia vosmiletnei shkoly."
|
| 830 |
|
0 |
|a Shkolnaia biblioteka dlia nerusskikh shkol.
|
| 999 |
|
|
|a MARS
|
| 999 |
f |
f |
|s ff8c57dc-b02a-32f1-b4d8-008ada2edbc5
|i bc8fb91e-c744-35ff-9c83-1ca8da85a78e
|t 0
|
| 952 |
f |
f |
|p ric
|a Texas A&M University
|b Rellis Campus
|c Joint Library Facility
|s JLF
|d Remote Storage
|t 0
|e PG3420 .M8 1967
|h Library of Congress classification
|i unmediated -- volume
|m A14803624216
|
| 998 |
f |
f |
|a PG3420 .M8 1967
|t 0
|l Remote Storage
|